000 00686cab a2200193 4500
001 WB2634-20
008 090401t1990 xxu||||| |||| 00| 0 eng d
035 _a(Sirsi) u51768
041 _aeng
245 _aHousing Act forms amended
260 _c1990
350 _a0
490 _aOyez Forms Information Service
_vno 19/90, August 1990 2 pages
520 _aDetails of amendments to Housing Act 1988 forms under the Assured Tenancies and Agricultural Occupancies (Forms) (Amendment) Regulations 1990, following changes arising from the abolition of domestic rates .
650 _aDOMESTIC RATING
690 _aPROPERTY-LANDLORD AND TENANT
942 _n0
948 _c04/03/1997
999 _c32123
_d32123